Fr. Conceicao Rodrigues College of Engineering

The Complete Reference:HTML and XHTML (Record no. 30573)

MARC details
000 -LEADER
fixed length control field 00352nam a2200157Ia 4500
082 ## - DEWEY DECIMAL CLASSIFICATION NUMBER
Classification number 005.133/POW
Item number POW
100 ## - MAIN ENTRY--PERSONAL NAME
Personal name Powell/Thomas A
250 ## - EDITION STATEMENT
Edition statement 4
245 ## - TITLE STATEMENT
Title The Complete Reference:HTML and XHTML
260 ## - PUBLICATION, DISTRIBUTION, ETC.
Name of publisher, distributor, etc. Tata Mc Graw hill Ltd.
Place of publication, distribution, etc. New Delhi
Date of publication, distribution, etc. 2003
366 ## - TRADE AVAILABILITY INFORMATION
Publishers's discount category 15
300 ## - PHYSICAL DESCRIPTION
Extent 944
546 ## - LANGUAGE NOTE
Language note ENGLISH
654 ## - SUBJECT ADDED ENTRY--FACETED TOPICAL TERMS
Focus term HTML
942 ## - ADDED ENTRY ELEMENTS (KOHA)
Koha item type BOOK
Holdings
Withdrawn status Lost status Damaged status Not for loan Collection Home library Current library Shelving location Date acquired Source of acquisition Cost, normal purchase price Total Checkouts Full call number Barcode Date last seen Cost, replacement price Price effective from Koha item type
        CRC Fr. Agnel's C.Rodrigues College of Engineering Fr. Agnel's C.Rodrigues College of Engineering   17/03/2023 Chemtech Books Pvt.Ltd. 480.00   005.133/POW POW 16501 17/03/2023 495.00   BOOK
        CRC Fr. Agnel's C.Rodrigues College of Engineering Fr. Agnel's C.Rodrigues College of Engineering   17/03/2023 Chemtech Books Pvt.Ltd. 480.00   005.133/POW POW 16502 17/03/2023 495.00   BOOK